Normal view
MARC view
Entry Personal Name
001 - CONTROL NUMBER
- control field: 8735
003 - CONTROL NUMBER IDENTIFIER
- control field: ARRUPE
005 - DATE AND TIME OF LATEST TRANSACTION
- control field: 20140218144503.0
008 - FIXED-LENGTH DATA ELEMENTS
- fixed length control field: 140218|| aca||aabn | a|a d
040 ## - CATALOGING SOURCE
- Original cataloging agency: ARRUPE
- Transcribing agency: ARRUPE
100 ## - HEADING--PERSONAL NAME
- Personal name: Rousseau, Jean-Jacques
670 ## - SOURCE DATA FOUND
- Source citation: Work cat.: (ARRUPE)64010: Rousseau, Jean-Jacques, Reveries of the solitary walker